| 000 | 00445nam a2200145Ia 4500 | ||
|---|---|---|---|
| 008 | 230917s9999||||xx |||||||||||||| ||und|| | ||
| 040 |
_e196915 _aMAIN |
||
| 041 | _aEnglish | ||
| 082 | _a891.437731 DB451A | ||
| 100 | _aदेसाई, बापूराव | ||
| 245 | 0 | _aऔर कितने वैलेटाइन | |
| 260 |
_aनई दिल्ली _bसंजय प्रकाशन _c2010 |
||
| 300 | _ax, 115 p. | ||
| 942 | _cHN | ||
| 999 |
_c169222 _d169222 |
||